Balansovo-normativnyje metody v RASU

Salvato in:
Dettagli Bibliografici
Autore principale: Azizov, Fattach Chalimovič
Altri autori: Petrova, Nina Konstantinovna
Natura: Libro
Lingua:russo
Pubblicazione: Dušanbe Doniš 1978
Tags: Aggiungi Tag
Nessun Tag, puoi essere il primo ad aggiungerne!!

MARC

LEADER 00000nam a2200000 4500
001 c142520
005 20150325105551.5
041 0 |a rus 
044 |a TJ 
245 1 0 |a Balansovo-normativnyje metody v RASU  |c Fattach Chalimovič Azizov, Nina Konstantinovna Petrova 
264 1 |a Dušanbe  |b Doniš  |c 1978 
300 |a 129 s. 
100 1 |a Azizov, Fattach Chalimovič 
700 1 |a Petrova, Nina Konstantinovna